| 000 | 00779nam a2200205 i 4500 | ||
|---|---|---|---|
| 001 | 173359 | ||
| 003 | ES-MaACL | ||
| 005 | 20251003063152.0 | ||
| 008 | 091127s1988 pr |||| |dspa d | ||
| 020 | _a0-86581-401-5 | ||
| 080 | _a821.134.2(729.5)-14"19" | ||
| 100 | 1 |
_aRivera Viera, Juan Vicente, _d1884-1953 _9153781 |
|
| 245 | 1 | 0 |
_aObra literaria / _cPadre Juan Vicente Rivera Viera ; compilación de Santiago Maunez Vizcarrondo. |
| 260 |
_aSan Juan (Puerto Rico) : _bInstituto de Cultura Puertorriqueña, División de Publicaciones y Grabaciones, _c1988. |
||
| 300 |
_a576 p. ; _c24 cm. |
||
| 700 | 1 |
_aMaunez Vizcarrondo, Santiago. _9153782 |
|
| 710 | 2 |
_aInstituto de Cultura Puertorriqueña. _94858 |
|
| 852 |
_aES-MaACL _jC-56976 |
||
| 999 |
_c173359 _d173359 |
||